000 00483nam a2200181Ia 4500
003 GCL
008 140319s9999 xx 000 0 ara d
040 _aGCL /
_cGCL
082 0 4 _aط
_b813.01
_bع ف
100 1 _aعصمت المسلمانى
245 1 0 _aالفار الجبان /
_cعصمت المسلمانى
300 _a16 ص
490 _aاجمل القصص
_v0
650 0 4 _aالاطفال
650 0 4 _aالقصص
650 0 4 _aقصص الاطفال
942 _2ddc
_cBK
999 _c51286
_d51286